| 000 | 00789cab a2200229 4500 | ||
|---|---|---|---|
| 001 | ABS57867 | ||
| 008 | 090401t1997 xxu||||| |||| 00| 0 eng d | ||
| 035 | _a(Sirsi) u81978 | ||
| 041 | _aeng | ||
| 100 | _aDelves, S. | ||
| 245 | _aHolding water | ||
| 260 | _c1997 | ||
| 350 | _a0 | ||
| 490 |
_aNCE Water Supplement _v1240(2) 30 October 1997, 14-15(2) |
||
| 520 | _aDiscusses the provisions of the Housing Grants, Construction & Regeneration Act 1996, which is o come into force in 1998. Looks at certain aspects of the Act particularly exclusions . | ||
| 650 | _aEXCLUSIONS | ||
| 650 | _aHOUSING GRANTS CONSTRUCTION AND REGENERATION ACT 1996 | ||
| 650 | _aWATER TREATMENT PROJECTS | ||
| 690 | _aBUILT ENVIRONMENT-BUILDING CONTRACT FORMS | ||
| 942 | _n0 | ||
| 948 | _c11/11/1997 | ||
| 999 |
_c51695 _d51695 |
||